000 00664nam a22001817a 4500
005 20251108172245.0
008 250721s1996 xx 000 0 ara d
082 1 4 _a956.402/محس
100 1 _aصالح، محسن محمد
245 1 0 _aالقوات العسكرية و الشرطة في فلسطين و دورها في تنفيذ السياسية البريطانية 1917 - 1939 /
264 1 _aعمان :
_bدار النفائس،
_c1996.
300 _a695ص
650 1 7 _aتاريخ فلسطين
650 1 7 _aالقوات المسلحة
650 1 7 _aالشرطةالثورة الفلسطينية (1936 - 1939)
942 _2ddc
_cBK
999 _c74411
_d74411